Palasovszky Ödön experimentális korszaka
Elmentve itt :
| Szerző: | |
|---|---|
| Dokumentumtípus: | Cikk |
| Megjelent: |
1999
|
| Sorozat: | Iskolakultúra
9 No. 8 |
| Online Access: | http://misc.bibl.u-szeged.hu/40563 |
| LEADER | 00562nab a2200169 i 4500 | ||
|---|---|---|---|
| 001 | misc40563 | ||
| 005 | 20191106140943.0 | ||
| 008 | 180709s1999 hu o 0|| zxx d | ||
| 022 | |a 1215-5233 | ||
| 040 | |a SZTE Miscellanea Repozitórium |b hun | ||
| 041 | |a zxx | ||
| 100 | 1 | |a Tóth Dénes | |
| 245 | 1 | 0 | |a Palasovszky Ödön experimentális korszaka |h [elektronikus dokumentum] / |c Tóth Dénes |
| 260 | |c 1999 | ||
| 300 | |a 71-76 | ||
| 490 | 0 | |a Iskolakultúra |v 9 No. 8 | |
| 856 | 4 | 0 | |u http://misc.bibl.u-szeged.hu/40563/1/EPA00011_iskolakultura_1999_08_071-076.pdf |z Dokumentum-elérés |